Mixing Insecticide Powders With Grain For Storage (Record no. 2882)

MARC details
000 -LEADER
fixed length control field 00292nam a22001217a 4500
041 ## - LANGUAGE CODE
Language code of text/sound track or separate title ENG
100 ## - MAIN ENTRY--PERSONAL NAME
Personal name Dolob,P
245 ## - TITLE STATEMENT
Title Mixing Insecticide Powders With Grain For Storage
260 ## - PUBLICATION, DISTRIBUTION, ETC. (IMPRINT)
Place of publication, distribution, etc London
Name of publisher, distributor, etc Tropical Products Instiute
Date of publication, distribution, etc 1977
300 ## - PHYSICAL DESCRIPTION
Extent 13
650 ## - SUBJECT ADDED ENTRY--TOPICAL TERM
Topical term or geographic name as entry element APE (10)
856 ## - ELECTRONIC LOCATION AND ACCESS
Uniform Resource Identifier APE (10)
Holdings
Withdrawn status Lost status Source of classification or shelving scheme Damaged status Not for loan Home library Current library Shelving location Date acquired Total Checkouts Barcode Date last seen Price effective from Koha item type
    Dewey Decimal Classification     College of Agricultural Engineering and Technology, Dapoli , Library College of Agricultural Engineering and Technology, Dapoli , Library Book Cart 14/12/2021   G00199 14/12/2021 14/12/2021 Books

Contact Us: College of Agricultural Engineering and Technology, Dapoli, Dist.- Ratnagiri
Website: https://dbskkv.org Email: caetlibrary2015@gmail.com